12 Villes d'Europe en F et en images - Statistiques

Statistiques générales
  • Ce quiz a été pris 85 fois
  • Le résultat moyen est 5 sur 12
Statistiques - réponses
Par images Hint Réponse % Correct
Allemagne Francfort-sur-le-Main
95%
Italie Florence
91%
France Fontainebleau
77%
Portugal Faro
62%
Suisse Fribourg
45%
France Foix
29%
Espagne Figueras
20%
France Fréjus
20%
Italie Foggia
5%
Norvège Fredrikstad
5%
Suède Falun
2%
Communauté Madrid Fuenlabrada
1%
Aucun quiz correspondant
Distribution des résultats
% des personnes avec chaque résultat
Percentile par nombre de réponses
Votre historique - résultats
Vous n’avez pas pris ce quiz